Online
Catalog

Hombres lobos : (Record no. 5534)

MARC details
000 -CABECERA
campo de control de longitud fija 00725cam a2200205 a 4500
001 - NÚMERO DE CONTROL
campo de control 000005738
005 - FECHA Y HORA DE LA ÚLTIMA TRANSACCIÓN
campo de control 20200929151750.0
008 - DATOS DE LONGITUD FIJA--INFORMACIÓN GENERAL
campo de control de longitud fija 751017s1974 flu 001 0 spa
040 ## - FUENTE DE LA CATALOGACIÓN
Centro catalogador/agencia de origen DO-SdBNP
Centro/agencia transcriptor CoDU
Centro/agencia modificador DLC
082 ## - NÚMERO DE LA CLASIFICACIÓN DECIMAL DEWEY
Número de clasificación 320.7291
Número de documento/Ítem T646h
100 1# - ENTRADA PRINCIPAL--NOMBRE DE PERSONA
Nombre de persona Toirac, Inciano D.
9 (RLIN) 16231
245 10 - MENCIÓN DE TÍTULO
Título Hombres lobos :
Resto del título tres fechas /
Mención de responsabilidad, etc. Inciano D. Toirac.
260 ## - PUBLICACIÓN, DISTRIBUCIÓN, ETC.
Lugar de publicación, distribución, etc. [s.l.] :
Nombre del editor, distribuidor, etc. Talleres de Pan American Litho,
Fecha de publicación, distribución, etc. 1974.
300 ## - DESCRIPCIÓN FÍSICA
Extensión 399 p. ;
Dimensiones 22 cm.
504 ## - NOTA DE BIBLIOGRAFÍA, ETC.
Nota de bibliografía, etc. Incluye referencias bibliográficas.
651 #4 - PUNTO DE ACCESO ADICIONAL DE MATERIA--NOMBRE GEOGRÁFICO
Nombre geográfico Cuba
Subdivisión general Polìtica Y Gobierno
Subdivisión cronológica 1959-1990.
9 (RLIN) 5620
651 #4 - PUNTO DE ACCESO ADICIONAL DE MATERIA--NOMBRE GEOGRÁFICO
Nombre geográfico Cuba
Subdivisión general Rlaciones Exteriores
Subdivisión geográfica Estados Unidos
9 (RLIN) 16232
651 #4 - PUNTO DE ACCESO ADICIONAL DE MATERIA--NOMBRE GEOGRÁFICO
Nombre geográfico Estados Unidos
Subdivisión general Relaciones Exteriores
Subdivisión geográfica Cuba.
9 (RLIN) 16233
910 ## - DATOS DE OPCIÓN DEL USUARIO (OCLC)
Datos de opción del usuario Catalogación por copia / LC
Holdings
Estado de retiro Estado de pérdida Restricciones de uso No para préstamo Código de colección Localización permanente Ubicación/localización actual Ubicación en estantería Fecha de adquisición Número de inventario Total de préstamos Signatura topográfica completa Código de barras Fecha visto por última vez Precio válido a partir de Tipo de ítem Koha
    Préstamo interno   Monografías: Libros y Folletos General General En catalogación 21.08.2009 LF1   320.7291 T646h 5738-10 25.06.2020 25.06.2020 Préstamo interno

Powered by Koha